Statistiche per Quiz Sulle Capitali Della Regione Italiana

Clicka qui per fare il quiz!

Statistiche generali

  • Questo quiz è stato fatto 389 volte
  • Il punteggio medio è 19 su 20

Statistiche sulle risposte

RegioneCapoluogo% Corretto
VenetoVenezia
99%
ToscanaFirenze
98%
LombardiaMilano
98%
LazioRoma
98%
PiemonteTorino
98%
PugliaBari
97%
CampaniaNapoli
97%
SiciliaPalermo
97%
Valle d’AostaAosta
96%
Emilia RomagnaBologna
96%
SardegnaCagliari
96%
LiguriaGenova
96%
Trentino Alto-AdigeTrento
94%
MoliseCampobasso
91%
AbruzzoL’Aquila
91%
Friuli-Venezia GiuliaTrieste
91%
UmbriaPerugia
90%
MarcheAncona
85%
BasilicataPotenza
85%
CalabriaCatanzaro
84%

Distribuzione punteggi

Percentile per numero di risposta

Percentuale di utenti per punteggio

I tuoi punteggi nel tempo

Non hai fatto questo quiz